Library Banner

Iran (Record no. 82425)

MARC details
000 -LEADER
fixed length control field 00393nam a22001457a 4500
005 - DATE AND TIME OF LATEST TRANSACTION
control field 20160129152540.0
008 - FIXED-LENGTH DATA ELEMENTS--GENERAL INFORMATION
fixed length control field 160129b xxu||||| |||| 00| 0 eng d
040 ## - CATALOGING SOURCE
Transcribing agency PK-LaUMT
082 ## - DEWEY DECIMAL CLASSIFICATION NUMBER
Classification number AMC 955
Item number MIC-I
100 ## - MAIN ENTRY--PERSONAL NAME
Personal name Maihael M. J. Fischer
245 ## - TITLE STATEMENT
Title Iran
Remainder of title from religious dispute to revolution
Statement of responsibility, etc Maihael M. J. Fischer
260 ## - PUBLICATION, DISTRIBUTION, ETC. (IMPRINT)
Place of publication, distribution, etc Karachi
Name of publisher, distributor, etc Alamgir
Date of publication, distribution, etc [ ]
300 ## - PHYSICAL DESCRIPTION
Extent 287 p.
942 ## - ADDED ENTRY ELEMENTS (KOHA)
Koha item type Books
Holdings
Withdrawn status Lost status Damaged status Home library Current library Date acquired Full call number Barcode Date last seen Price effective from Koha item type
      UMT Main Campus UMT Main Campus 2016-01-29 AMC 955 MIC-I 85852 2016-01-29 2016-01-29 Books